History of England / (Record no. 22785)
[ view plain ]
| 000 -LEADER | |
|---|---|
| fixed length control field | 00734nam a2200241I 4500 |
| 001 - CONTROL NUMBER | |
| control field | 22785 |
| 003 - CONTROL NUMBER IDENTIFIER | |
| rucl marc code | BD-RjUL |
| 005 - DATE AND TIME OF LATEST TRANSACTION | |
| control field | 20211209000842.0 |
| 008 - FIXED-LENGTH DATA ELEMENTS--GENERAL INFORMATION | |
| fixed length control field | 140309r19461940enka 1 eng d |
| 035 ## - SYSTEM CONTROL NUMBER | |
| System control number | (BD-RjUL)22850 |
| 040 ## - CATALOGING SOURCE | |
| Original cataloging agency | BOS |
| Language of cataloging | eng |
| Transcribing agency | CSU |
| Modifying agency | BD-RjUL |
| 041 ## - LANGUAGE CODE | |
| Language code of text/sound track or separate title | eng |
| 082 04 - DEWEY DECIMAL CLASSIFICATION NUMBER | |
| Classification number | 942 |
| Author mark and year | GLH V-3 1946 |
| 100 1# - MAIN ENTRY--PERSONAL NAME | |
| Personal name | Glew, D. M. |
| 9 (RLIN) | 70283 |
| 245 10 - TITLE STATEMENT | |
| Title | History of England / |
| Statement of responsibility, etc. | by D. M. Glew ; Harold Plaskitt. |
| Number of part/section of a work | Part III : 1714-1934. |
| 260 ## - PUBLICATION, DISTRIBUTION, ETC. (IMPRINT) | |
| Place of publication, distribution, etc. | London : |
| Name of publisher, distributor, etc. | University Tutorial Press Ltd, |
| Date of publication, distribution, etc. | 1940 [reprinted 1946]. |
| 300 ## - PHYSICAL DESCRIPTION | |
| Pagination | Pt. : |
| Illustrations | ill.; |
| Size | 21 cm. |
| 504 ## - BIBLIOGRAPHY, ETC. NOTE | |
| Bibliography, etc | Includes index. |
| 505 ## - FORMATTED CONTENTS NOTE | |
| Formatted contents note | Pt. 2-- 1485-1714 pt. 3-- |
| 651 #0 - SUBJECT ADDED ENTRY--GEOGRAPHIC NAME | |
| Geographic name | Great Britain |
| General subdivision | History. |
| 9 (RLIN) | 70284 |
| 700 1# - ADDED ENTRY--PERSONAL NAME | |
| Personal name | Plaskitt, Harold. |
| 942 ## - ADDED ENTRY ELEMENTS (KOHA) | |
| Source of classification or shelving scheme | Dewey Decimal Classification |
| Koha item type | Books |
| Lost status | Source of classification or shelving scheme | Damaged status | Not for loan | Collection code | Permanent Location | Current Location | Shelving location | Date acquired | Source of acquisition | Cost, normal purchase price | Total Checkouts | Full call number | Date last seen | Copy number | Koha item type |
|---|---|---|---|---|---|---|---|---|---|---|---|---|---|---|---|
| Dewey Decimal Classification | Non-fiction | Central Library, University of Rajshahi | Central Library, University of Rajshahi | Reading Room | 04/08/1955 | O. U. P. | 3.00 | 942 GLH Pt-3 1946 | 09/03/2014 | C-1 | Books | ||||
| Dewey Decimal Classification | Not For Loan | Non-fiction | Central Library, University of Rajshahi | Central Library, University of Rajshahi | Reading Room | 04/08/1955 | o.u.p | 2.10 | 942 GLH Pt-2 1950 | 07/05/2017 | C-1 | Books |